Управление структурнофазовым составом материала сварного соединения при сварке плавлением; Перспективные материалы с иерархической структурой для новых технологий и надежных конструкций

Bibliographische Detailangaben
Parent link:Перспективные материалы с иерархической структурой для новых технологий и надежных конструкций.— 2015.— [С. 398-400]
Körperschaft: Национальный исследовательский Томский политехнический университет (ТПУ) Институт неразрушающего контроля (ИНК) Кафедра оборудования и технологии сварочного производства (ОТСП)
Weitere Verfasser: Кректулева Р. А. Раиса Алексеевна, Табанов А. М. Артур Меирканович, Черепанов О. И. Олег Иванович, Черепанов Р. О.
Zusammenfassung:Заглавие с экрана
Sprache:Russisch
Veröffentlicht: 2015
Schriftenreihe:Проблемы компьютерного конструирования материалов с иерархической структурой
Schlagworte:
Online-Zugang:http://www.ispms.ru/files/Conference/2015/tezis_2015.pdf#page=398
Format: Elektronisch Buchkapitel
KOHA link:https://koha.lib.tpu.ru/cgi-bin/koha/opac-detail.pl?biblionumber=644245

MARC

LEADER 00000nla2a2200000 4500
001 644245
005 20231101134314.0
035 |a (RuTPU)RU\TPU\network\9310 
035 |a RU\TPU\network\9309 
090 |a 644245 
100 |a 20151106d2015 k y0rusy50 ca 
101 0 |a rus  |g rus 
102 |a RU 
105 |a a z 101zy 
135 |a drgn ---uucaa 
181 0 |a i  
182 0 |a b 
200 1 |a Управление структурнофазовым составом материала сварного соединения при сварке плавлением  |f Р. А. Кректулева [и др.] 
203 |a Текст  |c электронный 
225 1 |a Проблемы компьютерного конструирования материалов с иерархической структурой 
300 |a Заглавие с экрана 
337 |a Adobe Reader 
463 1 |0 (RuTPU)RU\TPU\network\11053  |t Перспективные материалы с иерархической структурой для новых технологий и надежных конструкций  |o тезисы докладов Международной конференции, 21-25 сентября 2015 г., Томск  |f Российская академия наук (РАН), Сибирское отделение (СО), Институт физики прочности и материаловедения (ИФПМ)  |v [С. 398-400]  |d 2015 
610 1 |a электронный ресурс 
610 1 |a труды учёных ТПУ 
610 1 |a структурнофазовый состав 
610 1 |a сварные соединения 
610 1 |a сварка плавлением 
701 1 |a Кректулева  |b Р. А.  |c специалист в области сварочного производства  |c доцент Томского политехнического университета, кандидат физико-математических наук  |f 1948-  |g Раиса Алексеевна  |2 stltpush  |3 (RuTPU)RU\TPU\pers\29438 
701 1 |a Табанов  |b А. М.  |g Артур Меирканович 
701 1 |a Черепанов  |b О. И.  |g Олег Иванович 
701 1 |a Черепанов  |b Р. О. 
712 0 2 |a Национальный исследовательский Томский политехнический университет (ТПУ)  |b Институт неразрушающего контроля (ИНК)  |b Кафедра оборудования и технологии сварочного производства (ОТСП)  |h 77  |2 stltpush  |3 (RuTPU)RU\TPU\col\18708 
801 1 |a RU  |b 63413507  |c 20101016 
801 2 |a RU  |b 63413507  |c 20160205  |g RCR 
856 4 |u http://www.ispms.ru/files/Conference/2015/tezis_2015.pdf#page=398 
942 |c CF